Guess the Fusion Rock Song Lyrics #40 - Statistics

General Stats
  • This quiz has been taken 19 times
  • The average score is 276 of 387
Answer Stats
Answer % Correct
I
100%
to
94%
live
89%
a
83%
And
83%
and
83%
Fame
83%
forever
83%
gonna
83%
me
83%
can
78%
fly
78%
I'm
78%
I"m
78%
my
78%
see
78%
the
78%
at
72%
Baby
72%
it
72%
learn
72%
like
72%
look
72%
Remember
72%
remember
72%
tell
72%
what
72%
will
72%
you
72%
You
72%
am
67%
be
67%
got
67%
heaven
67%
High
67%
HIgh
67%
how
67%
I'll
67%
I've
67%
love
67%
make
67%
name
67%
of
67%
up
67%
who
67%
all
61%
Give
61%
give
61%
is
61%
know
61%
not
61%
People
61%
take
61%
together
61%
Too
61%
your
61%
best
56%
cry
56%
feel
56%
flame
56%
in
56%
Light
56%
seen
56%
sky
56%
ain't
50%
coming
50%
Don't
50%
takes
50%
yet
50%
Cause
44%
heart
44%
forget
39%
hands
39%
hold
39%
Irene Cara
39%
more
39%
much
39%
rest
39%
right
39%
time
39%
enough
33%
free
33%
breaks
28%
moon
28%
Ooh
28%
set
28%
top
28%
tight
22%
catch
17%
ride
17%
straight
17%
til
17%
tough
17%
sh0ot
0%
No matching quizzes found
Score Distribution
Percent of People with Each Score
Percentile by Number Answered
Your Score History
You have not taken this quiz